Механика и теория относительности: учебное пособие для вузов

Bibliographic Details
Main Author: Матвеев А. Н. Алексей Николаевич
Language:Russian
Published: Москва, Высшая школа, 1986
Edition:2-е изд., перераб. и доп.
Subjects:
Format: Book
KOHA link:https://koha.lib.tpu.ru/cgi-bin/koha/opac-detail.pl?biblionumber=66419

MARC

LEADER 00000nam0a2200000 4500
001 66419
005 20231031071918.0
035 |a (RuTPU)RU\TPU\book\70600 
035 |a RU\TPU\book\33351 
090 |a 66419 
100 |a 20040819d1986 m y0rusy50 ca 
101 0 |a rus 
102 |a RU 
105 |a a j 001zy 
200 1 |a Механика и теория относительности  |e учебное пособие для вузов  |f А. Н. Матвеев 
205 |a 2-е изд., перераб. и доп. 
210 |a Москва  |c Высшая школа  |d 1986 
215 |a 320 с.  |c ил. 
320 |a Предметный указатель: с. 318-320 
610 1 |a физика 
610 1 |a механика 
610 1 |a кинематика 
610 1 |a динамика 
610 1 |a теория относительности 
610 1 |a учебные пособия 
675 |a 53(075.8)  |v 3 
700 1 |a Матвеев  |b А. Н.  |g Алексей Николаевич 
801 0 |a RU  |b 63413507  |c 20011210  |g PSBO 
801 2 |a RU  |b 63413507  |c 20150122  |g PSBO 
900 |a Физика 
942 |c BK